| 000 | 00653nam a22002057a 4500 | ||
|---|---|---|---|
| 003 | OSt | ||
| 005 | 20240223103909.0 | ||
| 008 | 170602t xxu||||| |||| 00| 0 eng d | ||
| 020 | _a9783037785232 | ||
| 040 | _c0 | ||
| 082 |
_a720.91767 _bARC |
||
| 245 | 0 | 0 |
_aArchitecture is life : _bAga Khan Award for Architecture _cEdited by Mohsen Mostafavi. |
| 260 |
_bLars Muller publisher. _c2016. |
||
| 300 |
_a343p.: _bill; _c24 cm. |
||
| 650 |
_aIslamic architecture _931739 |
||
| 650 |
_aIslamic countries _9118799 |
||
| 650 |
_aAga Khan Award for Architecture _9121223 |
||
| 700 | 1 | 0 |
_aMostafavi,Mohsen. _9118800 |
| 942 |
_2ddc _cBK _aSADA _k720.91767 ARC 2016 |
||
| 999 |
_c608078 _d608078 |
||